| 000 | 00976nam a2200241 i 4500 | ||
|---|---|---|---|
| 003 | DO-SdBNP | ||
| 005 | 20230413153713.0 | ||
| 007 | ta | ||
| 008 | 230413b2010 pr ||||| |||| 00| 0 spa d | ||
| 020 | _a9789945453102 | ||
| 040 |
_aDO-SdBNP _bspa _cBNPHU _erda |
||
| 082 | 4 | _222 | |
| 245 | 0 | 3 |
_aEl pensamiento vivo de Eugenio María de Hostos en torno a la educación ética, cívica e intelectual / _cselección y comentarios Ángel R. Villarini Jusino ; editor José Ramón Villalón Sorzano |
| 264 |
_aPuerto Rico : _bOrganización para el Fomento del Desarrollo del Pensamiento, _c2010 |
||
| 490 | 0 | _aBiblioteca del pensamiento crítico | |
| 500 | _aIncluye datos biográficos del autor en la contracubierta | ||
| 504 | _aBibliografía : p. 60-61 | ||
| 590 | _aInventariado, 2023/BT | ||
| 700 | 1 |
_aVillarini Jusino, Ángel R., _eselección y comentarios _964536 |
|
| 700 | 1 |
_aVillalón Sorzano, José Ramón, _eeditor _983247 |
|
| 910 | _aBtavárez | ||
| 942 |
_2ddc _cLBS1 |
||
| 999 |
_c53225 _d53225 |
||